| 000 | 00601nam a2200193 4500 | ||
|---|---|---|---|
| 001 | 113318 | ||
| 003 | ES-MaACL | ||
| 005 | 20230906185838.0 | ||
| 007 | t| | ||
| 008 | 061121s1979 sp r ||||1| spa d | ||
| 100 | 1 |
_aPalacios, Amador. _988388 |
|
| 245 | 1 | 0 |
_aEjercicios de versificación / _cAmador Palacios. |
| 260 |
_aCarboneras de Guadazaón [Cuenca] : _bEl Toro de Barro, _c1979. |
||
| 300 |
_a56 p. ; _c18 cm. |
||
| 490 | 1 |
_aLibros de la colección azul ; _v10 |
|
| 830 | 0 |
_aLibros de la colección azul ; _v10 _9233183 |
|
| 852 |
_aES-MaACL _jL-1758 _bR.101660 |
||
| 999 |
_c113318 _d113318 |
||